000
00307nam a22001457a 4500
008
230921b ||||| |||| 00| 0 eng d
020
_a
902770905
041
_a
eng
080
_a
521
082
_a
521PHI
100
_a
19
101
_a
ASTRO
245
_a
THE HR DIAGRAM
_c
PHILIP.D.G.A
942
_2
udc
_c
BK
999
_c
60390
_d
60390